书目信息 |
| 题名: |
美术与设计教学档案
|
|
| 作者: | 黄艾 绘 | |
| 分册: | 黄艾卷 | |
| 出版信息: | 苏州 苏州大学出版社 2013.03 |
|
| 页数: | 131页 | |
| 开本: | 32cm | |
| 丛书名: | 苏州大学艺术学学术文库 | |
| 单 册: | ||
| 中图分类: | J221 , J222.7 | |
| 科图分类: | ||
| 主题词: | 绘画--作品集--中国--现代 , 中国画--作品集--中国--现代 , 绘画 , 中国画 | |
| 电子资源: | ||
| ISBN: | 978-7-5672-0419-5 | |
| 000 | 01023oam2 2200325 450 | |
| 001 | 012013115625 | |
| 005 | 20130703104858.79 | |
| 010 | @a978-7-5672-0419-5@dCNY168.00 | |
| 100 | @a20130609d2013 em y0chiy0110 ea | |
| 101 | 0 | @achi |
| 102 | @aCN@b320000 | |
| 105 | @aa z 000yy | |
| 106 | @ar | |
| 200 | 1 | @a美术与设计教学档案@9mei shu yu she ji jiao xue dang an@i黄艾卷 |
| 210 | @a苏州@c苏州大学出版社@d2013.03 | |
| 215 | @a131页@d32cm | |
| 225 | 2 | @a苏州大学艺术学学术文库 |
| 300 | @a江苏高校优势学科建设工程资助项目 | |
| 330 | @a本书收录了《无题》;《无题》(局部);《无题》(局部);画语点滴1;《初雨》(铅笔稿);《初雨》(局部)等。 | |
| 333 | @a书画教育工作者 | |
| 461 | 0 | @12001 @a苏州大学艺术学学术文库@1701 0@a李超德@4主编 |
| 606 | 0 | @a绘画@x作品集@y中国@z现代 |
| 606 | 0 | @a中国画@x作品集@y中国@z现代 |
| 606 | 0 | @a绘画 |
| 606 | 0 | @a中国画 |
| 690 | @aJ221@v5 | |
| 690 | @aJ222.7@v5 | |
| 701 | 0 | @a黄艾@9huang ai@4绘 |
| 801 | 0 | @aCN@b人天书店@c20130609 |
| 905 | @b547160-63@dJ221@e151:1@f4 | |
| 美术与设计教学档案.黄艾卷.-苏州:苏州大学出版社,2013.03 |
| 131页;32cm.-(苏州大学艺术学学术文库) |
| 江苏高校优势学科建设工程资助项目.-使用对象:书画教育工作者 |
| ISBN 978-7-5672-0419-5:CNY168.00 |
| 本书收录了《无题》;《无题》(局部);《无题》(局部);画语点滴1;《初雨》(铅笔稿);《初雨》(局部)等。 |
| ● |
| 相关链接 |
|
|
|
|
正题名:美术与设计教学档案
索取号:J221/151:1
 
预约/预借
| 序号 | 登录号 | 条形码 | 馆藏地/架位号 | 状态 | 备注 |
| 1 | 547160 | 205471602 | 第一样本阅览室/ [索取号:J221/151:1] | 在馆 | |
| 2 | 547161 | 205471611 | 密集书库-美术系/ [索取号:J221/151:1] | 在馆 | |
| 3 | 547162 | 205471620 | 第一借阅区/ [索取号:J221/151:1] | 在馆 | |
| 4 | 547163 | 205471639 | 第一借阅区/ [索取号:J221/151:1] | 在馆 |